LEADER 00585nab a2200145 i 4500 001 000000283126 003 CaOOAMICUS 005 20180831165232.0 008 180831n xx uu u0 0und r 013 $a36106 040 $aSeMil$bita 245 10$a[SENZA TITOLO]. - 8 p. :$bill. 500 $aAprile 1939. 773 0 $tContributo alla preparazione spirituale delle Confraternite del SS. Sacramento per le Feste diocesane celebrative del 16. Centenario della Nascita di Sant'Ambrogio.$dMilano : [s.n.], 1938-1940$w()236798 996 $6245$a[SENZA TITOLO]. - 8 p. :$bill.$9(OLS)http://semarc/title/364770 LEADER 01458nam a2200301 i 4500 001 000000217124 003 CaOOAMICUS 005 20121123000000.0 008 121123s2012 gw u000 u eng u 013 $a196020 020 $a978-3-525-53544-8 020 $ae-978-3-647-53544-9 040 $aSeMil$bita 100 1 $aNgunga, Abi T.$0(OLS)http://semarc/name/76697 245 10$aMessianism in the Old Greek of Isaiah :$ban intertextual analysis /$cAbi T. Ngunga. 260 $aGöttingen :$bVandenhoeck & Ruprecht,$c2012. 300 $a248 p. ;$c24 cm. 490 0 $aForschungen zur Religion und Literatur des Alten und Neuen Testaments ;$v245 650 4$aBibbia - Messianesimo.$0(OLS)http://semarc/subject/12590 650 4$aBibbia. Antico Testamento. Isaia - Messianesimo.$0(OLS)http://semarc/subject/40313 830 0$aForschungen zur Religion und Literatur des Alten und Neuen Testaments ;$v245.$0(OLS)http://semarc/title/298 850 $aSeMil 852 $aSeMil$W1$xVenegono$y1$m2XA S 245$j253874$B167538$CSeMilBibl$Z2$F178325 $81 961 $aSottoscrizione: Vandenhoeck & Ruprecht 996 $6020$a978-3-525-53544-8$9(OLS)http://semarc/number/214351 996 $6020$ae-978-3-647-53544-9$9(OLS)http://semarc/number/214352 996 $6245$aMessianism in the Old Greek of Isaiah :$ban intertextual analysis$9(OLS)http://semarc/title/312046 996 $6260$aGöttingen :$bVandenhoeck & Ruprecht$9(OLS)http://semarc/publisher/29697